| 000 | 00000nam##2200000za#4500 |
| 001 | 9.567614 |
| 003 | CaOODSP |
| 005 | 20210624180847 |
| 007 | cr ||||||||||| |
| 008 | 150406|2000||||xxc|||||o f|0| 0 eng|d |
| 040 | |aCaOODSP|beng |
| 043 | |an-cn--- |
| 086 | 1 |aA22-202/2000E-PDF |
| 110 | 1 |aCanada.|bAgriculture and Agri-Food Canada. |bPolicy Branch. |
| 245 | 10|aEffects of agri-food exports on farm income / |h[electronic resource]|c[Issued by the] Economic and Policy Analysis Directorate. |
| 260 | |aOttawa - Ontario : |bAgriculture and Agri-Food Canada. |c2000. |
| 300 | |a24p.|bgraphs, references, tables |
| 490 | 1 |aTrade research series |
| 500 | |aThe catalogue number (A22-202/2000E) and ISBN (0-662-28730-4) for the print edition have been incorrectly copied in this electronic publication. |
| 590 | |a10-07-Supp|b2010-09-08 |
| 775 | 08|tEffets des exportations agroalimentaires sur le revenu agricole / |w(CaOODSP)9.598943 |
| 776 | 0#|tEffects of agri-food exports on farm income |w(CaOODSP)9.615128 |
| 830 | #0|aTrade research series.|w(CaOODSP)9.504410 |
| 856 | 40|ahttp://publications.gc.ca|qPDF|s214 KB|uhttps://publications.gc.ca/collections/Collection/A22-202-2000E.pdf |